| 000 | 00947cam a22002054a 4500 | ||
|---|---|---|---|
| 005 | 20250605164218.0 | ||
| 008 | 250528s ||||||||||||||||||||||||d | ||
| 035 | _a20537 | ||
| 020 | _a875845088 | ||
| 040 |
_aGR-AtMCL _bgre _dGR-AtMCL _eAACR2 |
||
| 245 | 1 | _aMoving Mountains / Lessons in Leadership and Logistics from the Gulf War | |
| 260 |
_bHarvard Business School Press, _c1992 |
||
| 300 | _a250 | ||
| 520 | _aThe writer reveals critical insights for the private sector, where flawless logistics is now an essential source of competitive advantage. Preface, Acknowledgements, Come As You Are, Basic Training, Opportunities of a Lifetime, I Get the Call, Desert Shield, Dessert Storm and Desert Farewell, Building Blocks of Leadership, Lessons in Leadership and Logistics, Notes, Glossary, Index. | ||
| 700 | 1 |
_aCruikshank Jeffrey L _96519 |
|
| 700 | 1 |
_aPagonis William C _96520 |
|
| 942 | _cBK | ||
| 999 |
_c5635 _d5635 |
||